[Event "Vienna Chess Open 2016 Group A"]
[Site "Grosser Festsaal im Wiener Rathaus, 1010 Wien"]
[Date "2016.08.17"]
[Round "2"]
[Board "17"]
[White "Lenhardt, Manfred"]
[Black "Vetoshko, Volodymyr"]
[Result "0-1"]
[WhiteElo "2168"]
[BlackElo "2438"]
[PlyCount "78"]
[EventDate "2016.08.16"]
[EventRounds "9"]
[EventCountry "AUT"]

1.Nf3 Nf6 2.g3 b5 3.Bg2 Bb7 4.a4 b4 5.O-O e6 6.d3 d5 7.Nbd2 Be7 8.c3 a5 9.cxb4 axb4
10.b3 O-O 11.Bb2 c5 12.Rc1 Nbd7 13.Re1 Qb6 14.Qc2 Rfc8 15.Qb1 Qa7 16.e4 c4 17.dxc4
Bc5 18.Re2 dxe4 19.Ng5 e3 20.Nde4 exf2+ 21.Nxf2 Bxg2 22.Kxg2 Be3 23.Nfe4 Nxe4 24.Nxe4
Bxc1 25.Qxc1 Qb7 26.Kg1 Qb6+ 27.Kg2 Qc6 28.Kg1 e5 29.Qd2 Nc5 30.Nxc5 Qxc5+ 31.Qe3
Qxe3+ 32.Rxe3 f6 33.Re2 Rd8 34.Rc2 Rd3 35.c5 Rc8 36.Kf2 Rd5 37.Bc1 Rdxc5 38.Rxc5 Rxc5
39.Bd2 Rc2 0-1

[Event "Vienna Chess Open 2016 Group A"]
[Site "Grosser Festsaal im Wiener Rathaus, 1010 Wien"]
[Date "2016.08.17"]
[Round "2"]
[Board "18"]
[White "Gajek, Radoslaw"]
[Black "Binder, Moriz"]
[Result "1-0"]
[WhiteElo "2434"]
[BlackElo "2143"]
[PlyCount "93"]
[EventDate "2016.08.16"]
[EventRounds "9"]
[EventCountry "AUT"]

1.Nc3 Nf6 2.e4 e5 3.Nf3 Nc6 4.d4 exd4 5.Nxd4 Bb4 6.Nxc6 bxc6 7.Bd3 d5 8.exd5 O-O 9.O-O
cxd5 10.Bg5 c6 11.Qf3 Bd6 12.h3 Rb8 13.b3 h6 14.Bf4 Qc7 15.Bxd6 Qxd6 16.Na4 Be6 17.Qe3
d4 18.Qg3 Qxg3 19.fxg3 Nd5 20.Nc5 Rbd8 21.Rae1 Ne3 22.Rf4 Rd5 23.Nxe6 fxe6 24.Bh7+
Kxh7 25.Rxf8 e5 26.Rf2 Rc5 27.c4 dxc3 28.Rfe2 Nd5 29.Rxe5 Ra5 30.R1e2 Rc5 31.Rc2 Kg6
32.Re4 Ra5 33.Re6+ Kh7 34.Rxc6 Nb4 35.R6xc3 Nxc2 36.Rxc2 Kg6 37.Kf2 Kf6 38.Ke3 Ke6
39.Kd4 h5 40.a4 Rg5 41.Rc3 a5 42.Kc4 Re5 43.Rd3 Re4+ 44.Kb5 Re5+ 45.Kb6 Kf5 46.Rc3
h4 47.gxh4 1-0

[Event "Vienna Chess Open 2016 Group A"]
[Site "Grosser Festsaal im Wiener Rathaus, 1010 Wien"]
[Date "2016.08.17"]
[Round "2"]
[Board "19"]
[White "Pisu, Robert-Daniel"]
[Black "Fauland, Alexander"]
[Result "1-0"]
[WhiteElo "2165"]
[BlackElo "2431"]
[PlyCount "63"]
[EventDate "2016.08.16"]
[EventRounds "9"]
[EventCountry "AUT"]

1.d4 Nf6 2.Nf3 g6 3.c4 Bg7 4.Nc3 O-O 5.e4 d6 6.Be2 a6 7.h3 c6 8.O-O b5 9.e5 dxe5 10.dxe5
Nfd7 11.e6 fxe6 12.Be3 Qc7 13.Qb3 Nb6 14.Rac1 Nxc4 15.Bxc4 bxc4 16.Qxc4 h6 17.Na4
a5 18.Nc5 Kh7 19.Qh4 Rf6 20.Bg5 e5 21.Bxf6 exf6 22.Rfd1 Qe7 23.Ne4 g5 24.Qh5 Be6 25.Rd6
Bf5 26.Nfd2 Ra7 27.Qf3 Be6 28.g4 a4 29.Nc4 Rb7 30.Rxe6 Qxe6 31.Nc5 Qc8 32.Nd6 1-0

[Event "Vienna Chess Open 2016 Group A"]
[Site "Grosser Festsaal im Wiener Rathaus, 1010 Wien"]
[Date "2016.08.17"]
[Round "2"]
[Board "20"]
[White "Sagar, Shah"]
[Black "Babar, Michael"]
[Result "1/2-1/2"]
[WhiteElo "2424"]
[BlackElo "2136"]
[PlyCount "80"]
[EventDate "2016.08.16"]
[EventRounds "9"]
[EventCountry "AUT"]

1.c4 g6 2.d4 Bg7 3.Nc3 d6 4.e4 c6 5.Nf3 Bg4 6.Be3 Nf6 7.Be2 O-O 8.O-O Qc7 9.Nd2 Bxe2
10.Qxe2 e5 11.d5 c5 12.a3 Qd7 13.b4 b6 14.Nb3 Na6 15.bxc5 Nxc5 16.Bxc5 bxc5 17.Na5
Nh5 18.g3 f5 19.exf5 e4 20.Rac1 Bxc3 21.Rxc3 Qxf5 22.f3 Qf6 23.Re3 exf3 24.Rexf3 Qd4+
25.Qe3 Rxf3 26.Rxf3 Qxe3+ 27.Rxe3 Rb8 28.Re6 Rb1+ 29.Kf2 Ra1 30.Rxd6 Rxa3 31.Ra6 Ra2+
32.Kf3 Rxh2 33.g4 Rh3+ 34.Ke4 Rh4 35.d6 Rxg4+ 36.Kd5 Nf6+ 37.Ke6 Ne8 38.d7 Re4+ 39.Kd5
Rd4+ 40.Kxc5 Rxd7 1/2-1/2

[Event "Vienna Chess Open 2016 Group A"]
[Site "Grosser Festsaal im Wiener Rathaus, 1010 Wien"]
[Date "2016.08.17"]
[Round "2"]
[Board "21"]
[White "Wieneroiter, Gerald"]
[Black "Baldauf, Marco"]
[Result "0-1"]
[WhiteElo "2147"]
[BlackElo "2423"]
[PlyCount "60"]
[EventDate "2016.08.16"]
[EventRounds "9"]
[EventCountry "AUT"]

1.Nf3 g6 2.d4 Bg7 3.Bf4 d6 4.e3 Nd7 5.Bc4 e5 6.Bg3 Nh6 7.Bh4 f6 8.c3 Nf5 9.Bg3 Qe7
10.dxe5 dxe5 11.Nbd2 Nxg3 12.hxg3 e4 13.Nd4 Ne5 14.Qb3 f5 15.O-O h5 16.Be6 c5 17.Bxc8
Rxc8 18.Ne6 Rc6 19.Nxg7+ Qxg7 20.f3 h4 21.g4 h3 22.g3 exf3 23.Nxf3 Nxg4 24.Qd5 Qc7
25.Kh1 Qxg3 26.Ng5 Qg2+ 27.Qxg2 hxg2+ 28.Kxg2 Nxe3+ 29.Kf3 Nxf1 30.Rxf1 Rh2 0-1

[Event "Vienna Chess Open 2016 Group A"]
[Site "Grosser Festsaal im Wiener Rathaus, 1010 Wien"]
[Date "2016.08.17"]
[Round "2"]
[Board "22"]
[White "Carow, Johannes"]
[Black "Thoma, Wilhelm"]
[Result "1-0"]
[WhiteElo "2423"]
[BlackElo "2128"]
[PlyCount "61"]
[EventDate "2016.08.16"]
[EventRounds "9"]
[EventCountry "AUT"]

1.d4 d5 2.c4 c6 3.Nc3 Nf6 4.e3 e6 5.Nf3 Nbd7 6.Qc2 Bd6 7.g4 Nxg4 8.Rg1 Nxh2 9.Nxh2
Bxh2 10.Rxg7 Nf8 11.Rg2 Bc7 12.e4 Ng6 13.Bg5 f6 14.Be3 dxe4 15.Qxe4 f5 16.Qf3 f4 17.Bd2
Qxd4 18.O-O-O Qf6 19.Ne4 Qe7 20.Bc3 e5 21.Qh5 Be6 22.Rxg6 Bf7 23.Qg5 hxg6 24.Nf6+
Kf8 25.Nd7+ Ke8 26.Nf6+ Kf8 27.Rd7 Qe6 28.Bd3 Rh5 29.Bb4+ Bd6 30.Rxf7+ Kxf7 31.Bxg6+ 1-0

[Event "Vienna Chess Open 2016 Group A"]
[Site "Grosser Festsaal im Wiener Rathaus, 1010 Wien"]
[Date "2016.08.17"]
[Round "2"]
[Board "23"]
[White "Leitner, Gerald"]
[Black "Yankelevich, Lev"]
[Result "0-1"]
[WhiteElo "2145"]
[BlackElo "2414"]
[PlyCount "60"]
[EventDate "2016.08.16"]
[EventRounds "9"]
[EventCountry "AUT"]

1.d4 Nf6 2.c4 g6 3.Nc3 d5 4.Nf3 Bg7 5.Bf4 O-O 6.Rc1 dxc4 7.e4 c5 8.dxc5 Qa5 9.e5 Rd8
10.Bd2 Ng4 11.Bxc4 Qxc5 12.Qe2 Nxe5 13.Ne4 Nxf3+ 14.Qxf3 Qf5 15.Qe2 Nc6 16.O-O Be6
17.Bc3 Nd4 18.Bxd4 Rxd4 19.Ng3 Bxc4 20.Rxc4 Qd3 21.Rxd4 Qxd4 22.Qxe7 Qxb2 23.Ne4 Qxa2
24.Qxb7 Rf8 25.Nc5 Bd4 26.Na6 Re8 27.h4 Re1 28.Qb8+ Kg7 29.Qf4 Rxf1+ 30.Kxf1 Qxa6+ 0-1

[Event "Vienna Chess Open 2016 Group A"]
[Site "Grosser Festsaal im Wiener Rathaus, 1010 Wien"]
[Date "2016.08.17"]
[Round "2"]
[Board "24"]
[White "Kilgus, Georg"]
[Black "Lytvynets, Dmytro"]
[Result "1-0"]
[WhiteElo "2413"]
[BlackElo "2127"]
[PlyCount "77"]
[EventDate "2016.08.16"]
[EventRounds "9"]
[EventCountry "AUT"]

1.Nf3 d5 2.g3 Nf6 3.Bg2 c6 4.O-O Bf5 5.d3 e6 6.c4 Be7 7.Qb3 Qb6 8.Be3 Qxb3 9.axb3
a6 10.Nh4 Bg6 11.h3 O-O 12.Nc3 Rd8 13.Bb6 Rc8 14.f4 Nbd7 15.Be3 dxc4 16.bxc4 Nf8 17.Bf2
N6d7 18.Nxg6 hxg6 19.h4 Nf6 20.Bf3 N8d7 21.d4 Rab8 22.e4 Nf8 23.Rfb1 Bb4 24.Na2 Ba5
25.b4 Bb6 26.Nc3 Rd8 27.Rd1 Nh5 28.e5 Rbc8 29.Ne2 f5 30.Rac1 Kf7 31.d5 Bxf2+ 32.Kxf2
cxd5 33.cxd5 b6 34.d6 a5 35.Rc7+ Nd7 36.Bc6 Nhf6 37.exf6 Kxf6 38.Bxd7 Rb8 39.Nd4 1-0

[Event "Vienna Chess Open 2016 Group A"]
[Site "Grosser Festsaal im Wiener Rathaus, 1010 Wien"]
[Date "2016.08.17"]
[Round "2"]
[Board "25"]
[White "Herrmann, Oliver"]
[Black "Koop, Thorben"]
[Result "0-1"]
[WhiteElo "2142"]
[BlackElo "2412"]
[PlyCount "79"]
[EventDate "2016.08.16"]
[EventRounds "9"]
[EventCountry "AUT"]

1.e4 c5 2.Nc3 Nc6 3.g3 g6 4.Bg2 Bg7 5.d3 d6 6.f4 Bd7 7.Be3 Rc8 8.Qd2 Nf6 9.h3 Qb6
10.Nge2 Nd4 11.Nd1 Nh5 12.Bf2 e5 13.Nec3 Be6 14.f5 gxf5 15.exf5 Nxf5 16.Qg5 Nf6 17.g4
h6 18.Qd2 Ne7 19.O-O Ng6 20.Bg3 d5 21.Qe2 Qd6 22.Ne3 O-O 23.Nf5 Bxf5 24.gxf5 Nf4 25.Bxf4
exf4 26.Qf3 Rcd8 27.Rae1 h5 28.Ne2 Bh6 29.Nxf4 Bxf4 30.Qxf4 Qxf4 31.Rxf4 Rd7 32.Re5
Kg7 33.Bf3 Rg8 34.Kf2 Kf8 35.Rh4 Rg5 36.Ke3 Kg7 37.Kf4 Kh6 38.Re2 Rg1 39.Ke5 Kg5 40.Ra4 0-1

[Event "Vienna Chess Open 2016 Group A"]
[Site "Grosser Festsaal im Wiener Rathaus, 1010 Wien"]
[Date "2016.08.17"]
[Round "2"]
[Board "26"]
[White "Nitin, Senthilvel"]
[Black "Coathup, Roger"]
[Result "1/2-1/2"]
[WhiteElo "2398"]
[BlackElo "2123"]
[PlyCount "75"]
[EventDate "2016.08.16"]
[EventRounds "9"]
[EventCountry "AUT"]

1.e4 c5 2.Nf3 e6 3.d4 cxd4 4.Nxd4 a6 5.Bd3 Nf6 6.O-O Qc7 7.Nc3 Bc5 8.Nb3 Be7 9.f4
d6 10.Qe2 Nbd7 11.Bd2 b5 12.a4 b4 13.Na2 d5 14.exd5 Nxd5 15.Kh1 O-O 16.Rae1 N7f6 17.Nd4
Bd6 18.Qf2 Bb7 19.Qh4 Rae8 20.Nc1 g6 21.Nce2 Nh5 22.Be4 Qe7 23.Qh3 Qc7 24.Qh4 Qe7
25.Qf2 Qc7 26.Nb3 Rb8 27.Nbc1 Rfd8 28.Nd3 Nhf6 29.Bxd5 Nxd5 30.Nd4 Bf8 31.Ne5 Bg7
32.Bc1 Rbc8 33.Rd1 Nf6 34.Qe2 Ne4 35.Nef3 Qc4 36.Qxc4 Rxc4 37.Be3 Rd5 38.Rfe1 1/2-1/2

[Event "Vienna Chess Open 2016 Group A"]
[Site "Grosser Festsaal im Wiener Rathaus, 1010 Wien"]
[Date "2016.08.17"]
[Round "2"]
[Board "27"]
[White "Kaiser, Richard"]
[Black "Sindarov, Javokhir"]
[Result "0-1"]
[WhiteElo "2130"]
[BlackElo "2374"]
[PlyCount "114"]
[EventDate "2016.08.16"]
[EventRounds "9"]
[EventCountry "AUT"]

1.d4 Nf6 2.c4 g6 3.Nc3 Bg7 4.e4 d6 5.Nf3 O-O 6.Be2 Bg4 7.O-O c5 8.d5 Nfd7 9.Ne1 Bxe2
10.Qxe2 Na6 11.Bd2 Nc7 12.Nc2 a6 13.a4 e6 14.Bf4 Qe7 15.Rad1 e5 16.Bd2 Kh8 17.a5 Rae8
18.Na4 f5 19.f3 f4 20.b4 g5 21.bxc5 dxc5 22.Rb1 Rb8 23.Rb3 Ne8 24.Rfb1 Nd6 25.Bc1
Qd8 26.Nb6 Nxb6 27.Rxb6 Qc7 28.Ba3 Rf7 29.Na1 Nc8 30.d6 Nxd6 31.Nb3 Nc8 32.Nxc5 Nxb6
33.Rxb6 Rf6 34.Ne6 Qd7 35.Rd6 Qf7 36.Nxg7 Qxg7 37.Rd5 Re8 38.Bd6 Rfe6 39.h3 h5 40.c5
Kh7 41.Qd1 Rg8 42.Kf2 Qf6 43.Ke2 g4 44.hxg4 hxg4 45.Qh1+ Kg6 46.Kd3 Rh8 47.Qa1 gxf3
48.gxf3 Rh3 49.Qf1 Rg3 50.Kc4 Qg5 51.Rd3 Qh5 52.Kd5 Kf6 53.Kc4 Qh2 54.Qb1 Rg1 55.Qb3
Rc1+ 56.Kd5 Qf2 57.Qa3 Qc2 0-1

[Event "Vienna Chess Open 2016 Group A"]
[Site "Grosser Festsaal im Wiener Rathaus, 1010 Wien"]
[Date "2016.08.17"]
[Round "2"]
[Board "28"]
[White "Lipp, Alfred"]
[Black "Schwabeneder, Florian"]
[Result "0-1"]
[WhiteElo "2128"]
[BlackElo "2369"]
[PlyCount "66"]
[EventDate "2016.08.16"]
[EventRounds "9"]
[EventCountry "AUT"]

1.d4 e6 2.c4 Bb4+ 3.Nc3 b6 4.e3 Bb7 5.Nge2 f5 6.a3 Be7 7.Nf4 Nf6 8.f3 O-O 9.Be2 Qe8
10.O-O g5 11.Nd3 d6 12.b4 Nbd7 13.Bb2 Qg6 14.b5 e5 15.Nb4 Rae8 16.Nc6 a5 17.Qc2 f4
18.Bd3 Qg7 19.Nd1 Bd8 20.a4 Kh8 21.c5 dxc5 22.dxe5 Nd5 23.e6 N7f6 24.Nxd8 Rxd8 25.Be4
Nb4 26.Qc4 Bc8 27.exf4 gxf4 28.Nf2 h5 29.Nh3 Rd2 30.Bxf6 Rxf6 31.Rf2 Bxe6 32.Qc1 Rd6
33.Rf1 Bxh3 0-1

[Event "Vienna Chess Open 2016 Group A"]
[Site "Grosser Festsaal im Wiener Rathaus, 1010 Wien"]
[Date "2016.08.17"]
[Round "2"]
[Board "29"]
[White "Miedema, David"]
[Black "Breneis, Lukas"]
[Result "1/2-1/2"]
[WhiteElo "2368"]
[BlackElo "2121"]
[PlyCount "175"]
[EventDate "2016.08.16"]
[EventRounds "9"]
[EventCountry "AUT"]

1.d4 Nf6 2.c4 e6 3.Nc3 Bb4 4.Qc2 O-O 5.a3 Bxc3+ 6.Qxc3 d5 7.Bg5 Nbd7 8.e3 h6 9.Bh4
b6 10.cxd5 exd5 11.Qc6 Rb8 12.Bg3 Bb7 13.Qxc7 Qxc7 14.Bxc7 Rbc8 15.Bd6 Rfe8 16.Bd3
Ne4 17.Bb4 a5 18.Bd2 Nd6 19.Ne2 Nf6 20.Nc3 Nfe4 21.Ke2 Nc4 22.Bc1 Nxb2 23.Bxb2 Nxc3+
24.Bxc3 Rxc3 25.Rhb1 Re6 26.Rc1 Rxc1 27.Rxc1 Rc6 28.Rb1 Kf8 29.Kd2 Rd6 30.h4 Ke7 31.f4
Kd7 32.g4 f6 33.Rg1 Ke7 34.g5 fxg5 35.hxg5 Kf7 36.Rh1 Bc6 37.Rc1 Ke7 38.Ke2 Kf7 39.Kf3
hxg5 40.fxg5 g6 41.Kf4 Ke7 42.Rh1 Re6 43.Rh7+ Kd6 44.Rg7 Be8 45.Rb7 Kc6 46.Ra7 Kd6
47.Bc2 Bc6 48.Rg7 Be8 49.Rb7 Kc6 50.Ra7 Kd6 51.Ra8 Kc7 52.Bb3 Bc6 53.Rf8 Re4+ 54.Kf3
Re6 55.Rf6 Kd6 56.Kf4 Ke7 57.Rxe6+ Kxe6 58.e4 Kd6 59.e5+ Ke6 60.Bc2 Be8 61.Bd1 Ke7
62.Ke3 Ke6 63.Bg4+ Ke7 64.Be2 Ke6 65.Kf4 Ke7 66.Ba6 Ke6 67.Bb7 Bd7 68.Ke3 Bb5 69.Kd2
Bc4 70.Bc8+ Ke7 71.Bg4 b5 72.Kc3 Bf1 73.Bd1 Kf7 74.Bc2 Be2 75.Kd2 Bc4 76.Ke1 Ba2 77.Kd1
Bc4 78.Kd2 Bf1 79.e6+ Kxe6 80.Bxg6 Bg2 81.Ke3 b4 82.axb4 axb4 83.Bc2 Bh3 84.Kf4 Bg2
85.Bf5+ Kf7 86.g6+ Kf6 87.Bc2 Bf1 88.Ke3 1/2-1/2

[Event "Vienna Chess Open 2016 Group A"]
[Site "Grosser Festsaal im Wiener Rathaus, 1010 Wien"]
[Date "2016.08.17"]
[Round "2"]
[Board "30"]
[White "Kardoeus, David"]
[Black "Pirrot, Dieter"]
[Result "0-1"]
[WhiteElo "2127"]
[BlackElo "2367"]
[PlyCount "114"]
[EventDate "2016.08.16"]
[EventRounds "9"]
[EventCountry "AUT"]

1.e4 e5 2.Nf3 Nc6 3.Bc4 Nf6 4.Ng5 d5 5.exd5 Na5 6.Bb5+ c6 7.dxc6 bxc6 8.Qf3 Be7 9.Bd3
O-O 10.Nc3 h6 11.Nge4 Nd5 12.Ng3 g6 13.O-O f5 14.Re1 e4 15.Ncxe4 fxe4 16.Qxe4 Rf6
17.Qa4 Nb7 18.b4 Bxb4 19.Bc4 Be7 20.Bb2 Re6 21.Bd4 Na5 22.Bd3 c5 23.Rxe6 Bxe6 24.Be5
Nb4 25.Bxg6 Nc4 26.Bc3 Bf6 27.Re1 Nb6 28.Qb5 Bc4 29.Qxc5 Bxc3 30.dxc3 Qd2 31.Qe5 Nc6
32.Qe4 Bd5 33.Qe3 Qxe3 34.Rxe3 Bxa2 35.Nf5 a5 36.Rh3 a4 37.Rxh6 Bd5 38.Bh7+ Kf7 39.Bg6+
Kg8 40.Bh7+ Kf8 41.Rf6+ Ke8 42.Bg6+ Kd7 43.Bf7 a3 44.Rd6+ Kc7 45.Rxd5 a2 46.Rd7+ Kxd7
47.Bxa2 Rxa2 48.h4 Ke6 49.g4 Nd5 50.c4 Nf4 51.Kh2 Ra3 52.Ne3 Ne5 53.h5 Kf6 54.Kg3
Kg5 55.h6 Nxc4 56.h7 Nxe3 57.h8=N Nf1# 0-1

[Event "Vienna Chess Open 2016 Group A"]
[Site "Grosser Festsaal im Wiener Rathaus, 1010 Wien"]
[Date "2016.08.17"]
[Round "2"]
[Board "31"]
[White "Demircan, Suekrue"]
[Black "Kokol, Peter"]
[Result "0-1"]
[WhiteElo "2122"]
[BlackElo "2360"]
[PlyCount "84"]
[EventDate "2016.08.16"]
[EventRounds "9"]
[EventCountry "AUT"]

1.Nf3 Nf6 2.g3 g6 3.Bg2 Bg7 4.O-O d5 5.d4 O-O 6.Nbd2 c5 7.c3 cxd4 8.cxd4 Nc6 9.Nb3
b6 10.Ne5 Nxe5 11.dxe5 Ne4 12.Qd4 Bb7 13.Bf4 Rc8 14.Rac1 e6 15.Rxc8 Qxc8 16.Rc1 Qb8
17.f3 Nd6 18.e4 Nc4 19.exd5 Nxe5 20.Qe3 exd5 21.Re1 f6 22.h4 Qc8 23.Bf1 Re8 24.Kg2
Bc6 25.Rc1 Nc4 26.Bxc4 dxc4 27.Qc3 cxb3 28.Qxb3+ Kh8 29.Qc4 Re6 30.b4 Qe8 31.g4 h6
32.g5 fxg5 33.hxg5 h5 34.Kg3 Qd7 35.Qc2 Qd5 36.Rf1 Be5 37.Bxe5+ Qxe5+ 38.f4 Qe3+ 39.Kh4
Qe2 40.Qxe2 Rxe2 41.f5 Re4+ 42.Kg3 Rg4+ 0-1

[Event "Vienna Chess Open 2016 Group A"]
[Site "Grosser Festsaal im Wiener Rathaus, 1010 Wien"]
[Date "2016.08.17"]
[Round "2"]
[Board "32"]
[White "Foisor, Cristina"]
[Black "Nohr, Jonas"]
[Result "1-0"]
[WhiteElo "2351"]
[BlackElo "2116"]
[PlyCount "75"]
[EventDate "2016.08.16"]
[EventRounds "9"]
[EventCountry "AUT"]

1.d4 Nf6 2.Nf3 d6 3.c4 Nbd7 4.Nc3 e5 5.g3 Be7 6.Bg2 O-O 7.O-O c6 8.e3 Re8 9.a4 a5
10.b3 Qc7 11.Ba3 b6 12.Qc1 Ba6 13.Rd1 Rad8 14.Ra2 Nf8 15.d5 cxd5 16.Nxd5 Nxd5 17.cxd5
Qxc1 18.Rxc1 Nd7 19.Rc7 Nc5 20.Bxc5 bxc5 21.Bf1 Bxf1 22.Kxf1 Rc8 23.Rxc8 Rxc8 24.Nd2
Kf8 25.Nc4 Ra8 26.e4 Ke8 27.Ke2 Ra7 28.Kd3 Kd7 29.f4 f6 30.Kc3 Bd8 31.Rf2 Rb7 32.fxe5
dxe5 33.g4 h6 34.h4 Ke7 35.g5 hxg5 36.hxg5 Bc7 37.gxf6+ gxf6 38.Rh2 1-0

[Event "Vienna Chess Open 2016 Group A"]
[Site "Grosser Festsaal im Wiener Rathaus, 1010 Wien"]
[Date "2016.08.17"]
[Round "2"]
[Board "33"]
[White "Voloshin, Pavel"]
[Black "Sowray, Peter"]
[Result "1-0"]
[WhiteElo "2120"]
[BlackElo "2348"]
[PlyCount "55"]
[EventDate "2016.08.16"]
[EventRounds "9"]
[EventCountry "AUT"]

1.e4 c5 2.c3 d5 3.exd5 Qxd5 4.d4 Nf6 5.Nf3 e6 6.Be2 cxd4 7.cxd4 Bb4+ 8.Nc3 O-O 9.O-O
Bxc3 10.bxc3 b6 11.Ba3 Re8 12.Ne5 Bb7 13.Bf3 Ne4 14.Re1 f5 15.Bxe4 fxe4 16.Qh5 g6
17.Qh6 e3 18.f3 Nc6 19.Ng4 Qf5 20.Rxe3 Na5 21.Re5 Qf7 22.Qh4 Kg7 23.Bc1 h5 24.Bh6+
Kh7 25.Bg5 Rec8 26.Rae1 Rc6 27.d5 Rxc3 28.Rxe6 1-0

[Event "Vienna Chess Open 2016 Group A"]
[Site "Grosser Festsaal im Wiener Rathaus, 1010 Wien"]
[Date "2016.08.17"]
[Round "2"]
[Board "34"]
[White "Ernst, Michael"]
[Black "Voege, Tobias"]
[Result "0-1"]
[WhiteElo "2115"]
[BlackElo "2346"]
[PlyCount "84"]
[EventDate "2016.08.16"]
[EventRounds "9"]
[EventCountry "AUT"]

1.d4 d5 2.Bf4 Nc6 3.e3 Nf6 4.Nf3 Bg4 5.Be2 e6 6.Nbd2 Bd6 7.Ne5 Bxe2 8.Qxe2 Bxe5 9.dxe5
Nd7 10.Nf3 Ne7 11.e4 c6 12.O-O Ng6 13.Bg3 O-O 14.Rfe1 Rc8 15.exd5 cxd5 16.c3 a6 17.Nd4
Rc4 18.f4 Re8 19.Rac1 b5 20.Qd2 Qb6 21.Bf2 Qb8 22.h4 b4 23.h5 bxc3 24.Rxc3 Rxc3 25.bxc3
Ne7 26.Nf3 Rc8 27.Qd3 Rc4 28.Rb1 Qc8 29.Bd4 Nf5 30.Nd2 Ra4 31.g4 Nxd4 32.cxd4 Rxa2
33.g5 Rc2 34.g6 hxg6 35.hxg6 fxg6 36.Qxg6 Nf8 37.Qd3 Rc1+ 38.Rxc1 Qxc1+ 39.Kf2 a5
40.Ke2 a4 41.f5 exf5 42.e6 Nxe6 0-1

[Event "Vienna Chess Open 2016 Group A"]
[Site "Grosser Festsaal im Wiener Rathaus, 1010 Wien"]
[Date "2016.08.17"]
[Round "2"]
[Board "35"]
[White "De Schampheleire, Glen"]
[Black "Carow, Annelen"]
[Result "1-0"]
[WhiteElo "2339"]
[BlackElo "2113"]
[PlyCount "45"]
[EventDate "2016.08.16"]
[EventRounds "9"]
[EventCountry "AUT"]

1.Nf3 c5 2.g3 Nc6 3.Bg2 g6 4.c4 Bg7 5.Nc3 e6 6.d4 cxd4 7.Nb5 d5 8.cxd5 Qa5+ 9.Qd2
Qxb5 10.dxc6 Qxc6 11.O-O Qb6 12.b3 Ne7 13.Ba3 Nc6 14.Rac1 Bf8 15.Bb2 Bb4 16.Qf4 Bc3
17.Rxc3 dxc3 18.Bxc3 Rf8 19.Ng5 Bd7 20.Bf6 Qb4 21.Ne4 e5 22.Bxe5 Nxe5 23.Nf6+ 1-0

[Event "Vienna Chess Open 2016 Group A"]
[Site "Grosser Festsaal im Wiener Rathaus, 1010 Wien"]
[Date "2016.08.17"]
[Round "2"]
[Board "36"]
[White "Hofer, Emilian"]
[Black "Trkulja, Goran"]
[Result "1/2-1/2"]
[WhiteElo "2109"]
[BlackElo "2335"]
[PlyCount "161"]
[EventDate "2016.08.16"]
[EventRounds "9"]
[EventCountry "AUT"]

1.e4 c5 2.Nf3 a6 3.c4 e6 4.d4 cxd4 5.Nxd4 Nf6 6.Bd3 Nc6 7.Nxc6 dxc6 8.O-O e5 9.Qe2
Bc5 10.Be3 Qb6 11.Bxc5 Qxc5 12.h3 Be6 13.Nc3 O-O 14.Rfd1 Rfd8 15.Rac1 Rd4 16.Qe3 Qb4
17.Ne2 Rd7 18.b3 a5 19.Nc3 Rad8 20.Bc2 Rd4 21.Kh2 h6 22.Ne2 Rxd1 23.Rxd1 Rxd1 24.Bxd1
Qe1 25.Nc3 Qxe3 26.fxe3 Nd7 27.Bc2 Kf8 28.a3 Ke7 29.Bd3 Nc5 30.Bc2 Kd6 31.Kg3 Na6
32.Kf3 g5 33.Kf2 h5 34.Ke1 Nc7 35.Kd2 b5 36.cxb5 cxb5 37.b4 axb4 38.axb4 Bc4 39.Bd3
Kc6 40.Kc2 h4 41.Nb1 Be6 42.Nc3 Bd7 43.Kd2 Kd6 44.Ke2 Bc6 45.Kf2 Ke6 46.Kf1 f6 47.Kf2
Be8 48.Kf3 Bc6 49.Kf2 Bd7 50.Ke2 Kd6 51.Ke1 Kc6 52.Kd2 Kb6 53.Kc2 Bc6 54.Bf1 Ne8 55.Be2
Nd6 56.Bf3 Kc7 57.Kd3 Kd7 58.Ke2 Ne8 59.Kd2 Nc7 60.Kc2 Na6 61.Kb3 Kd6 62.Be2 Nc7 63.Bf3
Be8 64.Kc2 Na6 65.Kb3 Bf7+ 66.Ka3 Bc4 67.Be2 Bxe2 68.Nxe2 Ke6 69.Nc3 Nc7 70.Kb3 f5
71.exf5+ Kxf5 72.Kc2 e4 73.Kd2 Ke5 74.Kc2 Kf5 75.Kd2 Na6 76.Nxb5 Nxb4 77.Nd6+ Ke5
78.Nf7+ Kf6 79.Nd6 Ke5 80.Nf7+ Kf6 81.Nd6 1/2-1/2

[Event "Vienna Chess Open 2016 Group A"]
[Site "Grosser Festsaal im Wiener Rathaus, 1010 Wien"]
[Date "2016.08.18"]
[Round "3"]
[Board "1"]
[White "Ragger, Markus"]
[Black "Foisor, Cristina"]
[Result "1-0"]
[WhiteElo "2686"]
[BlackElo "2351"]
[PlyCount "65"]
[EventDate "2016.08.16"]
[EventRounds "9"]
[EventCountry "AUT"]

1.Nf3 d5 2.d4 Nf6 3.c4 c6 4.e3 g6 5.Nc3 Bg7 6.Be2 O-O 7.O-O Bg4 8.h3 Bxf3 9.Bxf3 e6
10.b4 dxc4 11.Qe2 Nd5 12.Qxc4 Nd7 13.Bd2 N7b6 14.Qb3 Re8 15.Ne4 Qe7 16.Rac1 a6 17.Nc5
e5 18.dxe5 Bxe5 19.a4 Rad8 20.Rfd1 Bb8 21.g3 Nf6 22.Bg2 Bd6 23.Bc3 Nbd5 24.Ba1 a5
25.Qb2 Bxc5 26.Rxc5 Kg7 27.Bxd5 cxd5 28.Rxa5 Rd6 29.Raxd5 Rb6 30.b5 Rc8 31.Rd7 Qe4
32.Qd4 Qe6 33.a5 1-0

[Event "Vienna Chess Open 2016 Group A"]
[Site "Grosser Festsaal im Wiener Rathaus, 1010 Wien"]
[Date "2016.08.18"]
[Round "3"]
[Board "2"]
[White "Voege, Tobias"]
[Black "Buhmann, Rainer"]
[Result "1/2-1/2"]
[WhiteElo "2346"]
[BlackElo "2641"]
[PlyCount "44"]
[EventDate "2016.08.16"]
[EventRounds "9"]
[EventCountry "AUT"]

1.d4 d5 2.c4 e6 3.Nc3 c6 4.e4 dxe4 5.Nxe4 Bb4+ 6.Bd2 Qxd4 7.Bxb4 Qxe4+ 8.Be2 Na6 9.Bc3
Ne7 10.Nf3 f6 11.O-O O-O 12.b4 Ng6 13.g3 e5 14.Nd2 Qf5 15.b5 Nc5 16.Bb4 b6 17.Bf3
Rd8 18.bxc6 e4 19.Bg2 Qe6 20.c7 Rd4 21.Bxc5 bxc5 22.Bxe4 Rxe4 1/2-1/2

[Event "Vienna Chess Open 2016 Group A"]
[Site "Grosser Festsaal im Wiener Rathaus, 1010 Wien"]
[Date "2016.08.18"]
[Round "3"]
[Board "3"]
[White "Mastrovasilis, Dimitrios"]
[Black "De Schampheleire, Glen"]
[Result "1-0"]
[WhiteElo "2603"]
[BlackElo "2339"]
[PlyCount "81"]
[EventDate "2016.08.16"]
[EventRounds "9"]
[EventCountry "AUT"]

1.e4 c6 2.d4 d5 3.Nd2 dxe4 4.Nxe4 Bf5 5.Qf3 e6 6.Ne2 Nd7 7.N2g3 Bg6 8.h4 Ndf6 9.c3
Nxe4 10.Nxe4 Qd5 11.Bd3 Nf6 12.Nxf6+ gxf6 13.Qxd5 exd5 14.Be2 h5 15.Bf4 Kd7 16.Kd2
Re8 17.Rhe1 Re6 18.g3 Bf5 19.Bf3 Bg4 20.Bg2 Bd6 21.Bxd6 Kxd6 22.Re3 Rxe3 23.fxe3 Rg8
24.Ke1 b6 25.Kf2 c5 26.Rc1 Re8 27.Rc2 Bf5 28.Rd2 Be4 29.Bf1 c4 30.Be2 Bg6 31.b3 b5
32.bxc4 dxc4 33.Rb2 Kc6 34.Bf3+ Kb6 35.Bd5 a6 36.a4 Ka5 37.axb5 axb5 38.Kf3 Re7 39.Bc6
Ka4 40.Bxb5+ Ka3 41.Rb4 1-0

[Event "Vienna Chess Open 2016 Group A"]
[Site "Grosser Festsaal im Wiener Rathaus, 1010 Wien"]
[Date "2016.08.18"]
[Round "3"]
[Board "4"]
[White "Formento, Paolo"]
[Black "Vorobiov, Evgeny"]
[Result "0-1"]
[WhiteElo "2298"]
[BlackElo "2586"]
[PlyCount "120"]
[EventDate "2016.08.16"]
[EventRounds "9"]
[EventCountry "AUT"]

1.d4 Nf6 2.c4 g6 3.Nc3 Bg7 4.e4 d6 5.Nge2 O-O 6.Ng3 a6 7.Be2 c5 8.d5 b5 9.cxb5 axb5
10.Bxb5 Ba6 11.Bxa6 Nxa6 12.O-O Qb6 13.Rb1 Nd7 14.Bg5 Rfe8 15.Qe2 Nc7 16.Rfd1 Qa6
17.Qxa6 Rxa6 18.Nge2 Kf8 19.b3 Rb8 20.Bc1 Nb5 21.Nxb5 Rxb5 22.Bb2 Nf6 23.f3 Rb7 24.a3
Kg8 25.b4 cxb4 26.axb4 Rxb4 27.Bd4 Raa4 28.Rxb4 Rxb4 29.Bc3 Rb7 30.Ra1 h5 31.Bd4 Rb4
32.Bc3 Rb7 33.Bd4 Nd7 34.Ra8+ Kh7 35.Bxg7 Kxg7 36.h4 Ne5 37.Ra2 Rb4 38.Ng3 Nd3 39.Rd2
Rb1+ 40.Kh2 Ne5 41.Ne2 Nc4 42.Ra2 Ne3 43.Kg3 f5 44.Ra3 Nf1+ 45.Kf4 fxe4 46.fxe4 Rb2
47.Ra1 Rxe2 48.Rxf1 Rxg2 49.Ke3 Rg4 50.Rh1 Kf6 51.Kd4 Rf4 52.Rh2 g5 53.hxg5+ Kxg5
54.Ke3 h4 55.Ra2 h3 56.Rh2 Rh4 57.Kf3 Rh8 58.Kg3 Rh7 59.Rh1 h2 60.Kg2 Kg4 0-1